| 000 | 00794nam a2200241Ia 4500 | ||
|---|---|---|---|
| 003 | OSt | ||
| 005 | 20221005103838.0 | ||
| 006 | a|||||r|||| 00| 0 | ||
| 007 | ta | ||
| 008 | 221004b |||||||| |||| 00| 0 san d | ||
| 024 | _a33010 | ||
| 037 | _cTextual | ||
| 040 |
_aCRL _cCRL _bsan |
||
| 041 |
_2san _asan |
||
| 082 | _aO15,1D05,1, M2 | ||
| 100 | _aअश्वघोष | ||
| 245 | 0 | _aसौन्दरनन्दमहाकाव्ये पंचमः सर्ग | |
| 246 | _aSaundaranandamahākāvye panchamah sarga | ||
| 260 |
_aदिल्ली _bईस्टर्न बुक लिंकर्स भारत _c1982 |
||
| 300 |
_a92पृ. _ccm. |
||
| 942 |
_hO15,1D05,1, M2 _cTEXL _2cc |
||
| 999 |
_c1011073 _d1011073 |
||